Kto Strzelił Wtedy Bramkę - Statystyki

Ogólne statystyki
  • Ten quiz został rozwiązany 443 razy
  • Średni wynik to 10 z 15
Statystyki odpowiedzi
Rozgrywki \ sezon\ drużyny\ wynik \ faza Strzelec % Poprawnych
LM \ 2014 \Real Madryt 4-1 Atletico\ Finał \ 4:1 Ronaldo
95%
LM \ 2014 \Real Madryt 4-1 Atletico\ Finał \ 1:1 Ramos
88%
LM \ 2014 \Real Madryt 4-1 Atletico\ Finał \ 2:1 Bale
82%
LM \ 2019 \ Liverpool 4-0 FC Barcelona \ Półfinał \ 1:0 Origi
82%
LM \ 2019 \ Liverpool 4-0 FC Barcelona \ Półfinał \ 4:0 Origi
82%
LM \ 2009\Chelsea 1-1 FC Barcelona\ Półfinał \ 1:1 Iniesta
76%
ME \2016\ Francja 0-1 Portugalia\ Finał \ 0:1 Eder
71%
FA CUP\2012\Chelsea 2-1Liverpool\ Finał\ 2:0 Drogba
68%
LM \ 2019 \ Liverpool 4-0 FC Barcelona \ Półfinał \ 2:0 Wijnaldum
68%
LM \ 2019 \ Liverpool 4-0 FC Barcelona \ Półfinał \ 3:0 Wijnaldum
68%
LM \ 2014 \Real Madryt 4-1 Atletico\ Finał \ 3:1 Marcelo
63%
LM \ 2014 \Real Madryt 4-1 Atletico\ Finał \ 0:1 Godin
57%
LM \ 2009\Chelsea 1-1 FC Barcelona\ Półfinał \ 1:0 Essien
44%
FA CUP\2012\Chelsea 2-1Liverpool\ Finał\ 1:0 Ramires
11%
FA CUP\2012\Chelsea 2-1Liverpool\ Finał\ 2:1 Carroll
5%
Nie znaleziono quizów pasujących do podanych kryteriów
Rozkład punktacji
Procent ludzi z każdym wynikiem
Percentyl według liczby udzielonych odpowiedzi
Twoja historia wyników
Nie rozwiązałeś tego quizu